<?xml version="1.0" encoding="UTF-8"?><?xml-stylesheet type="text/xsl" href="static/style.xsl"?><OAI-PMH xmlns="http://www.openarchives.org/OAI/2.0/" xmlns:xsi="http://www.w3.org/2001/XMLSchema-instance" xsi:schemaLocation="http://www.openarchives.org/OAI/2.0/ http://www.openarchives.org/OAI/2.0/OAI-PMH.xsd"><responseDate>2026-04-17T11:32:15Z</responseDate><request verb="GetRecord" identifier="oai:riubu.ubu.es:10259/8914" metadataPrefix="marc">https://riubu.ubu.es/oai/request</request><GetRecord><record><header><identifier>oai:riubu.ubu.es:10259/8914</identifier><datestamp>2024-04-13T00:05:13Z</datestamp><setSpec>com_10259_8911</setSpec><setSpec>com_10259_5086</setSpec><setSpec>com_10259_2604</setSpec><setSpec>col_10259_8912</setSpec></header><metadata><record xmlns="http://www.loc.gov/MARC21/slim" xmlns:doc="http://www.lyncode.com/xoai" xmlns:xsi="http://www.w3.org/2001/XMLSchema-instance" xmlns:dcterms="http://purl.org/dc/terms/" xsi:schemaLocation="http://www.loc.gov/MARC21/slim http://www.loc.gov/standards/marcxml/schema/MARC21slim.xsd">
<leader>00925njm 22002777a 4500</leader>
<datafield tag="042" ind1=" " ind2=" ">
<subfield code="a">dc</subfield>
</datafield>
<datafield tag="720" ind1=" " ind2=" ">
<subfield code="a">García-Ergüín Maza, Marcos</subfield>
<subfield code="e">author</subfield>
</datafield>
<datafield tag="260" ind1=" " ind2=" ">
<subfield code="c">2020-06</subfield>
</datafield>
<datafield tag="520" ind1=" " ind2=" ">
<subfield code="a">El presente estudio trata la influencia en la construcción del imaginario infantil vasco creado por las&#xd;
producciones de animación extranjeras dobladas al euskera. De esta manera, se separa la animación como elemento&#xd;
pedagógico y de reproducción del imaginario y de la lengua vasca frente al resto de series de animación extranjeras&#xd;
(predominantemente de origen japonés) que tuvieron largo recorrido en la televisión pública vasca. Una serie de&#xd;
producciones que contribuyeron a crear la idiosincrasia de los jóvenes vascos durante los años noventa y a acercar el&#xd;
idioma a los castellanohablantes.</subfield>
</datafield>
<datafield tag="520" ind1=" " ind2=" ">
<subfield code="a">This study tries to establish all kinds of constructions created by foreign series (Japanese mostly) in the Basque&#xd;
Country. Therefore, the main purpose is to know how Japanese series broadcasted on Basque television in the Basque&#xd;
language influenced the point of view and the imagination of the animation and visual entertainment in the Basque&#xd;
Country in the nineties.</subfield>
</datafield>
<datafield tag="024" ind2=" " ind1="8">
<subfield code="a">2474-5197</subfield>
</datafield>
<datafield tag="024" ind2=" " ind1="8">
<subfield code="a">http://hdl.handle.net/10259/8914</subfield>
</datafield>
<datafield tag="024" ind2=" " ind1="8">
<subfield code="a">10.18848/2474-5197/CGP/v05i02/1-11</subfield>
</datafield>
<datafield tag="024" ind2=" " ind1="8">
<subfield code="a">2386-8554</subfield>
</datafield>
<datafield ind1=" " ind2=" " tag="653">
<subfield code="a">Animación</subfield>
</datafield>
<datafield ind1=" " ind2=" " tag="653">
<subfield code="a">Doblaje</subfield>
</datafield>
<datafield ind1=" " ind2=" " tag="653">
<subfield code="a">Euskera</subfield>
</datafield>
<datafield ind1=" " ind2=" " tag="653">
<subfield code="a">"Anime"</subfield>
</datafield>
<datafield ind1=" " ind2=" " tag="653">
<subfield code="a">Series de televisión</subfield>
</datafield>
<datafield ind1=" " ind2=" " tag="653">
<subfield code="a">Animated Series</subfield>
</datafield>
<datafield ind1=" " ind2=" " tag="653">
<subfield code="a">Anime</subfield>
</datafield>
<datafield ind1=" " ind2=" " tag="653">
<subfield code="a">Basque Television</subfield>
</datafield>
<datafield ind1=" " ind2=" " tag="653">
<subfield code="a">Dubbing</subfield>
</datafield>
<datafield tag="245" ind1="0" ind2="0">
<subfield code="a">Identidad vasca proyectada en el “anime”: la construcción del espectador a través de las series de animación japonesas emitidas en Euskal Telebista (Televisión Pública Vasca)</subfield>
</datafield>
</record></metadata></record></GetRecord></OAI-PMH>